| 000 -LEADER |
| fixed length control field |
01164pab a2200205 454500 |
| 008 - FIXED-LENGTH DATA ELEMENTS--GENERAL INFORMATION |
| fixed length control field |
180718b2011 xxu||||| |||| 00| 0 eng d |
| 100 ## - MAIN ENTRY--PERSONAL NAME |
| Personal name |
Juan, Yuan |
| 245 ## - TITLE STATEMENT |
| Title |
Multiple deprivations in transitional Chinese cities: A case study of Guangzhou |
| 260 ## - PUBLICATION, DISTRIBUTION, ETC. |
| Date of publication, distribution, etc. |
2011 |
| 300 ## - PHYSICAL DESCRIPTION |
| Extent |
p.721-736. |
| 362 ## - DATES OF PUBLICATION AND/OR SEQUENTIAL DESIGNATION |
| Dates of publication and/or sequential designation |
Sep |
| 520 ## - SUMMARY, ETC. |
| Summary, etc. |
This article applies the index of multiple deprivations to measuring the dimensions of deprivation in the city of Guangzhou, China. The study uses both population census data and information on minimum living standard support. The spatial pattern shows the concentration of highly deprived areas in old in old areas is characterized by underprivileged living conditions, while ex-industrial areas present a more income-based poverty. The authors suggest that this spatial pattern has resulted from underinvestment in old areas before economic reform and economic restructuring of industrial districts under post reform policies. - Reproduced. |
| 650 ## - SUBJECT ADDED ENTRY--TOPICAL TERM |
| Topical term or geographic name entry element |
Local government - China |
| 650 ## - SUBJECT ADDED ENTRY--TOPICAL TERM |
| Topical term or geographic name entry element |
Local government |
| 700 ## - ADDED ENTRY--PERSONAL NAME |
| Personal name |
Xu, Xueqiang |
| 700 ## - ADDED ENTRY--PERSONAL NAME |
| Personal name |
Wu, Fulong |
| 773 ## - HOST ITEM ENTRY |
| Main entry heading |
Urban Affairs Review |
| 908 ## - PUT COMMAND PARAMETER (RLIN) |
| Put command parameter |
N |
| 909 ## - |
| -- |
94288 |